书目信息 |
| 题名: |
电气安装工程识图与预算入门
|
|
| 作者: | 张卫兵 编著 | |
| 分册: | ||
| 出版信息: | 北京 人民邮电出版社 2005.10 |
|
| 页数: | 255页 | |
| 开本: | 26cm | |
| 丛书名: | 建筑安装工程识图与预算入门丛书 | |
| 单 册: | ||
| 中图分类: | TU85 | |
| 科图分类: | ||
| 主题词: | 房屋建筑设备--fang wu jian zhu she bei--电气设备--建筑安装工程--识图法 , 房屋建筑设备--fang wu jian zhu she bei--电气设备--建筑安装工程--预算编制 | |
| 电子资源: | ||
| ISBN: | 7-115-13813-3 | |
| 000 | 01184nam 2200265 450 | |
| 001 | 012006619228 | |
| 005 | 20061030092722.35 | |
| 010 | @a7-115-13813-3@dCNY25.00 | |
| 100 | @a20060306d2005 km y0chiy0120 ea | |
| 101 | 0 | @achi |
| 102 | @aCN@b110000 | |
| 105 | @aa a 000yy | |
| 200 | 1 | @a电气安装工程识图与预算入门@Adian qi an zhuang gong cheng shi tu yu yu suan ru men@f张卫兵编著@Fzhang wei bing bian zhu |
| 210 | @a北京@c人民邮电出版社@d2005.10 | |
| 215 | @a255页@c图@d26cm | |
| 225 | 2 | @a建筑安装工程识图与预算入门丛书@Ajian zhu an zhuang gong cheng shi tu yu yu suan ru men cong shu |
| 320 | @a有书目 (第255页)。 | |
| 330 | @a本书主要介绍电气工程识图的基础知识和电气安装工程施工图的识读方法,具体阐述电气安装工程预算定额和施工图预算的基本知识、《建设工程工程量清单计价规范》以及电气设备安装工程工程量清单项目设置等内容。 | |
| 410 | 0 | @12001 @a建筑安装工程识图与预算入门丛书 |
| 606 | 0 | @a房屋建筑设备@Afang wu jian zhu she bei@x电气设备@x建筑安装工程@x识图法 |
| 606 | 0 | @a房屋建筑设备@Afang wu jian zhu she bei@x电气设备@x建筑安装工程@x预算编制 |
| 690 | @aTU85@v4 | |
| 701 | 0 | @a张卫兵@Azhang wei bing@4编著 |
| 801 | 0 | @aCN@c20061030 |
| 905 | @a10447@dTU85@eZ190 | |
| 电气安装工程识图与预算入门/张卫兵编著.-北京:人民邮电出版社,2005.10 |
| 255页:图;26cm.-(建筑安装工程识图与预算入门丛书) |
| ISBN 7-115-13813-3:CNY25.00 |
| 本书主要介绍电气工程识图的基础知识和电气安装工程施工图的识读方法,具体阐述电气安装工程预算定额和施工图预算的基本知识、《建设工程工程量清单计价规范》以及电气设备安装工程工程量清单项目设置等内容。 |
| ● |
| 相关链接 |
|
|
|
正题名:电气安装工程识图与预算入门
索取号:TU85/Z190
 
预约/预借
| 序号 | 登录号 | 条形码 | 馆藏地/架位号 | 状态 | 备注 |
| 1 | 554990 | 205549904 | 建筑库201/201建筑库 83排2列1层/ [索取号:TU85/Z190] | 在馆 | |
| 2 | 554991 | 205549913 | 建筑库201/201建筑库 83排2列1层/ [索取号:TU85/Z190] | 在馆 | |
| 3 | 554992 | 205549922 | 建筑库201/201建筑库 83排2列1层/ [索取号:TU85/Z190] | 在馆 | |
| 4 | 633860 | 206338603 | 建筑库201/201建筑库 83排2列1层/ [索取号:TU85/Z190] | 在馆 |